| 000 | 00389cam a2200157ua 4500 | ||
|---|---|---|---|
| 041 |
_aeng _h |
||
| 082 |
_a808.51 _bSOP/BA |
||
| 100 | _aSoper, Paul L . | ||
| 245 |
_aBasic public speaking / _cPaul L Soper. _hTextual Documents |
||
| 250 |
_a3 / _b. |
||
| 260 |
_aNew York : _bOxford University Press , _c1963. |
||
| 300 | _a370 ; . | ||
| 504 | _a | ||
| 942 | _cBK | ||
| 999 |
_c11390 _d11390 |
||